000
00247nam a2200109Ia 4500
999
_c
9263
_d
9263
020
_a
9780131202061
100
_a
William Wells
245
0
_a
Advertising Principles and Practice
260
_a
New Delhi
_b
Addison
_c
2002
300
_a
621
942
_c
BK